Loading...
Central banking
| Main Author: | |
|---|---|
| Format: | Printed Book |
| Language: | Undetermined |
| Published: |
New Delhi
Granda Publishing
1974
|
| LEADER | 00523nam a2200145Ia 4500 | ||
|---|---|---|---|
| 008 | 161229s9999 xx 000 0 und d | ||
| 020 | |a 8185461813 | ||
| 082 | |a 332.11 DEK/CE | ||
| 100 | |a DE Kock, M H | ||
| 245 | |a Central banking | ||
| 260 | |b Granda Publishing |a New Delhi |c 1974 | ||
| 300 | |a 325 | ||
| 942 | |c BK | ||
| 999 | |c 152674 |d 152674 | ||
| 952 | |0 0 |1 0 |4 0 |6 332_110000000000000_DEKCE |7 0 |9 151739 |a KAUCLV |b KAUCLV |d 2016-12-29 |l 2 |o 332.11 DEK/CE |p 903983 |r 2018-03-12 |s 2018-02-15 |w 2016-12-29 |y BK |z Book transferred from CCBM Library ,Acc.No:4108 | ||